000 00580cam a2200205 a 4500
001 sa 65006325
003 DLC
005 20260227112142.0
008 900105s1962 ii 000 0 urdo
010 _asa 65006325
035 _a(OCoLC)20851335
040 _aDLC
_cDLC
_dDLC
050 0 0 _aPK2154.5.A9
_bA5 1962
100 1 _aĀzād, Abūlkalām,
_d1888-1958.
240 1 0 _aEssays.
_kSelections
245 1 0 _aṢadā-yi rafʻat /
_caz Maulānā Abūkalām Āzād.
260 _aDihlī :
_bNāz Pablishing Hāʼūs,
_c[1962?]
300 _a160 p. ;
_c18 cm.
546 _aIn Urdu.
999 _c64628
_d64628